000 00748nam a2200289Ia 4500
003 OSt
005 20221007111920.0
006 a|||||r|||| 00| 0
007 ta
008 221006b |||||||| |||| 00| 0 eng d
020 _a0421576502
024 _a24,534
037 _cTextual
040 _aLCO
_cLCO
_beng
041 _2eng
_aeng
082 _aV2:2:(Z), P1
100 _aPhillips O. Hood
245 0 _aConstitutional and Administration Law
250 _a8th
260 _aLondon
_bSweet & Maxwell U.K.
_c2001
300 _a855
650 _a ADMINISTRATIVE
650 _aCONSTITUTION
700 _a Jackson Paul
942 _hV2:2:(Z), P1
_cTEXL
999 _c1194097
_d1194097